000 00405 a2200169 4500
001 157487
020 _a978-85-96-01702-2
040 _cEscola São Tomás de Aquino
100 _aLobato , Monteiro
240 1 0 _aNarizinho e o príncipe escamado
_l
245 1 0 _aNarizinho e o príncipe escamado
300 _a32
362 0 _a2019
440 1 _aFTD
697 _a*LITERATURA INFANTO
942 _cBK
999 _c157487
_d157487